[Event "28. Torneo San Viator 2017"]
[Site "Madrid ESP"]
[Date "2017.05.28"]
[Round "8.18"]
[White "Lizon Martinez, Santiago"]
[Black "Sanchez Hernandez, Guillermo"]
[Result "1/2-1/2"]
[WhiteElo "1750"]
[BlackElo "1768"]
[PlyCount "44"]
[EventDate "2017.03.26"]
[EventType "swiss"]
[EventRounds "9"]
[EventCountry "ESP"]
[SourceTitle "Ajedrez en Madrid"]
[Source "lmi"]
[SourceDate "2017.03.26"]

1. e4 c5 2. Nf3 e6 3. d4 cxd4 4. Nxd4 a6 5. Bd3 Qc7 6. O-O Nf6 7. Be3 d5 8.
exd5 Nxd5 9. Bd2 Bd6 10. h3 Nd7 11. Nc3 N7f6 12. Re1 O-O 13. Nxd5 Nxd5 14. Qh5
g6 15. Qh6 Bf4 16. Bxf4 Qxf4 17. Qxf4 Nxf4 18. Be4 Rb8 19. c4 e5 20. Nb3 Rd8
21. Rad1 Rxd1 22. Rxd1 Be6 1/2-1/2

[Event "28. Torneo San Viator 2017"]
[Site "Madrid ESP"]
[Date "2017.05.28"]
[Round "8.19"]
[White "Lopez Guitian, Juan J"]
[Black "Tudela Garcia, Antonio"]
[Result "1/2-1/2"]
[WhiteElo "1589"]
[BlackElo "1602"]
[PlyCount "159"]
[EventDate "2017.03.26"]
[EventType "swiss"]
[EventRounds "9"]
[EventCountry "ESP"]
[SourceTitle "Ajedrez en Madrid"]
[Source "lmi"]
[SourceDate "2017.03.26"]

1. e4 e5 2. Nf3 Nc6 3. Bb5 a6 4. Ba4 Nf6 5. O-O b5 6. Bb3 Be7 7. Re1 d6 8. c3
O-O 9. h3 Nb8 10. d4 Nbd7 11. Bc2 c5 12. Be3 Qc7 13. Nbd2 Bb7 14. d5 c4 15. Nf1
Rfe8 16. Ng3 g6 17. Bh6 Bf8 18. Qd2 Bg7 19. Bxg7 Kxg7 20. Nh4 Ng8 21. Nhf5+ Kh8
22. Qg5 f6 23. Qg4 Nf8 24. Ne3 Nh6 25. Qe2 Qg7 26. Rf1 Nd7 27. f3 Nc5 28. Rf2
Bc8 29. Raf1 Ra7 30. Nh1 f5 31. g4 f4 32. Nd1 Nf7 33. h4 g5 34. hxg5 Nxg5 35.
Rh2 Nd7 36. Nhf2 Nf6 37. Nh3 Ree7 38. Nxg5 Qxg5 39. Nf2 h5 40. Nh3 Qh4 41. Nxf4
Qg3+ 42. Ng2 h4 43. Rxh4+ Rh7 44. Qf2 Qxf2+ 45. Kxf2 Rxh4 46. Nxh4 Rh7 47. Kg3
Kg7 48. Rf2 Kf8 49. Rh2 Rg7 50. Ng2 Ke7 51. Ne3 Bd7 52. Nf5+ Bxf5 53. exf5 Nxd5
54. Be4 Nc7 55. Rh8 d5 56. Bc2 d4 57. cxd4 exd4 58. Kh4 d3 59. Bb1 d2 60. Bc2
Nd5 61. g5 Rf7 62. f6+ Kd6 63. g6 Rxf6 64. g7 Ne7 65. g8=Q Nxg8 66. Rxg8 Rxf3
67. Rd8+ Kc7 68. Rxd2 Re3 69. Kg4 Re5 70. Kf4 Re6 71. a4 Kb6 72. Kf3 Ka5 73.
Rd5 Kb4 74. axb5 axb5 75. Rd4 Kc5 76. Rd8 Kb4 77. Rc8 Ra6 78. Rb8 Ra2 79. Ke3
Rxb2 80. Kd2 1/2-1/2

[Event "28. Torneo San Viator 2017"]
[Site "Madrid ESP"]
[Date "2017.05.28"]
[Round "8.20"]
[White "Camarero Izquierdo, Juan Carlos"]
[Black "Brana Pastor, Carlos"]
[Result "0-1"]
[WhiteElo "1775"]
[BlackElo "1835"]
[PlyCount "100"]
[EventDate "2017.03.26"]
[EventType "swiss"]
[EventRounds "9"]
[EventCountry "ESP"]
[SourceTitle "Ajedrez en Madrid"]
[Source "lmi"]
[SourceDate "2017.03.26"]

1. d4 e6 2. e4 d5 3. Nc3 Nf6 4. Bg5 Be7 5. Bxf6 Bxf6 6. e5 Be7 7. Qg4 Kf8 8.
O-O-O c5 9. dxc5 Bxc5 10. f4 Nc6 11. Nf3 a6 12. Bd3 Nb4 13. Kb1 Nxd3 14. Rxd3
g6 15. h4 h5 16. Qh3 b5 17. g4 Bb7 18. Nd4 Rc8 19. Nce2 Be7 20. g5 b4 21. f5
exf5 22. Nf4 Qb6 23. Qf3 Bc5 24. Rhd1 Bxd4 25. Rxd4 Kg7 26. Qb3 Rc4 27. Rxc4
dxc4 28. Qxc4 Rc8 29. Qb3 Be4 30. Nd3 a5 31. a3 Rb8 32. a4 Rc8 33. Rc1 Qd4 34.
Rd1 Bd5 35. c4 Bxc4 36. Nxb4 axb4 37. Rxd4 Bxb3 38. Rxb4 Bd5 39. b3 Kf8 40. Kb2
Ke7 41. Rb6 f4 42. b4 f3 43. b5 Be4 44. Rd6 f2 45. Rd1 Bg2 46. Kb3 f1=Q 47.
Rxf1 Bxf1 48. b6 Kd7 49. a5 Kc6 50. Kb4 Bb5 0-1

[Event "28. Torneo San Viator 2017"]
[Site "Madrid ESP"]
[Date "2017.05.28"]
[Round "8.21"]
[White "Juzgado Niella, Angel Luis"]
[Black "Estevez Sacristan, Deva"]
[Result "0-1"]
[WhiteElo "1625"]
[BlackElo "1813"]
[PlyCount "70"]
[EventDate "2017.03.26"]
[EventType "swiss"]
[EventRounds "9"]
[EventCountry "ESP"]
[SourceTitle "Ajedrez en Madrid"]
[Source "lmi"]
[SourceDate "2017.03.26"]

1. b3 d5 2. Bb2 Bg4 3. h3 Bh5 4. g4 Bg6 5. Bg2 h5 6. e3 Nf6 7. g5 Ne4 8. h4 e6
9. d3 Nd6 10. Nd2 Nf5 11. e4 dxe4 12. Nxe4 Nc6 13. a3 Qd7 14. Ne2 O-O-O 15. Qd2
e5 16. O-O-O Kb8 17. Kb1 Ncd4 18. Nxd4 Nxd4 19. Rhe1 Qb5 20. Bxd4 Rxd4 21. Kb2
Be7 22. Nc3 Qc5 23. b4 Qb6 24. Nd5 Qe6 25. Nxe7 Qxe7 26. Qe3 Rxh4 27. Qxe5
Qxe5+ 28. Rxe5 Rh2 29. Rg1 h4 30. Re2 Bh5 31. Rd2 Re8 32. Kc1 Re5 33. f4 Re3
34. Rh1 Rxh1+ 35. Bxh1 Re1+ 0-1